|
|
|
|
| LEADER |
01725cas a2200241 a 4500 |
| 001 |
AALejournalIMF003552 |
| 008 |
230101c9999 xx r poo 0 0eng d |
| 020 |
|
|
|c 5.00 USD
|
| 020 |
|
|
|z 9781451837049
|
| 022 |
|
|
|a 1934-7685
|
| 040 |
|
|
|a BD-DhAAL
|c BD-DhAAL
|
| 110 |
2 |
|
|a International Monetary Fund.
|
| 245 |
1 |
0 |
|a Republic of Tajikistan :
|b Report on the Observance of Standards and Codes (ROSC)-Data Module.
|
| 264 |
|
1 |
|a Washington, D.C. :
|b International Monetary Fund,
|c 2005.
|
| 300 |
|
|
|a 1 online resource (158 pages)
|
| 490 |
1 |
|
|a IMF Staff Country Reports
|
| 500 |
|
|
|a <strong>Off-Campus Access:</strong> No User ID or Password Required
|
| 500 |
|
|
|a <strong>On-Campus Access:</strong> No User ID or Password Required
|
| 506 |
|
|
|a Electronic access restricted to authorized BRAC University faculty, staff and students
|
| 520 |
3 |
|
|a This Report of the Observance of Standards and Codes (ROSC) Data Module provides an assessment of Tajikistan's macroeconomic statistics against the recommendations of the General Data Dissemination System (GDDS), complemented by an assessment of data quality based on the IMF's Data Quality Assessment Framework. The assessment reveals that Tajikistan already meets many of the GDDS recommendations for dissemination of macroeconomic statistics. The main exceptions are the coverage of national accounts, central government operations, and central government debt. All data categories meet or exceed the recommended periodicity and timeliness.
|
| 538 |
|
|
|a Mode of access: Internet
|
| 830 |
|
0 |
|a IMF Staff Country Reports; Country Report ;
|v No. 2005/130
|
| 856 |
4 |
0 |
|z Full text available on IMF
|u http://elibrary.imf.org/view/journals/002/2005/130/002.2005.issue-130-en.xml
|z IMF e-Library
|